| 000 | 008160000a22002170004500 | ||
|---|---|---|---|
| 020 | _a84-7166-269-8 | ||
| 041 | 0 | _aSPA | |
| 082 | 0 | 4 | _aG 194.44 D445e |
| 100 | 1 | _aDescartes, René (1596–1650) | |
| 245 | 1 | 0 | _aDiscurso del método. El Método. Los principios de la filosofía. La metafísica - La ciencia / René Descartes ; Antonio Gual, Traductor ; Mauro Armiño, Prólogo y cronología |
| 260 | _aMadrid, España : EDAF | ||
| 300 | _a274 Pag. | ||
| 500 | _aTítulo original : Discours de la methode | ||
| 505 | 0 | 0 | _adiscurso del método -- el método -- los principios de la filosofía -- la metafísica -- la ciencia |
| 650 | 1 | 4 | _aMETODOLOGIA CIENTIFICA |
| 001 | 1413 | ||
| 942 | _cBK | ||
| 999 |
_c32736 _d32736 |
||
| 336 |
_atexto _btxt _2rdacontent |
||
| 337 |
_2rdamedia _asin mediación _bn |
||
| 338 |
_2rdacarrier _avolumen _bnc |
||